00524 2200193 4500001002100000005001500021035002000036245007500056100001600131250000600147300003500153260003200188082001000220084001600230020002200246650002800268990001700296990001700313INLIS00000000000007420180816011445 a0010-08180000381 aEnsiklomini Matematika :bBangun Datar dan Bangun Ruang /cReza Ageung0 aReza Ageung a- aiv, 68 hlm. :bilus. ;c25 cm. aKlaten :bCV Sahabat,c2008 a510.3 a510.3 REZ e a978-979-029-093-4 aEnsiklopedia Matematika a00300/P/2018 a00301/P/2018